Statistiques concernant Pays champion du monde de : Badminton (Simple)

Cliquez ici pour prendre le quiz!

Statistiques générales

  • Ce quiz a été pris 159 fois
  • Le résultat moyen est 6 sur 8

Statistiques - réponses

Médaille d'orMasculinFéminimPays% Correct
291415Chine
99%
523Japon
96%
862Indonésie
80%
11Inde
72%
642Danemark
69%
11Thailande
66%
33Espagne
58%
11Singapour
33%

Distribution des résultats

Percentile par nombre de réponses

% des personnes avec chaque résultat

Votre développement - résultats

Vous n’avez pas pris ce quiz